Unleashing innovation : (Record no. 140627)
[ view plain ]
| 000 -LEADER | |
|---|---|
| fixed length control field | 00987cam a2200265 a 4500 |
| 003 - CONTROL NUMBER IDENTIFIER | |
| control field | OSt |
| 005 - DATE AND TIME OF LATEST TRANSACTION | |
| control field | 20241009140537.0 |
| 008 - FIXED-LENGTH DATA ELEMENTS--GENERAL INFORMATION | |
| fixed length control field | |
| 020 ## - INTERNATIONAL STANDARD BOOK NUMBER | |
| International Standard Book Number | 9780470192405 (hardback.) |
| 040 ## - CATALOGING SOURCE | |
| Transcribing agency | NUST |
| Original cataloging agency | NUST |
| Language of cataloging | eng |
| Modifying agency | NUST |
| 050 ## - LIBRARY OF CONGRESS CALL NUMBER | |
| Classification number | HD9971.5 TEN |
| 100 1# - MAIN ENTRY--PERSONAL NAME | |
| Personal name | Snyder, Nancy Tennant. |
| Relator term | Author |
| 245 10 - TITLE STATEMENT | |
| Title | Unleashing innovation : |
| Remainder of title | how Whirlpool transformed an industry / |
| Statement of responsibility, etc. | Nancy Tennant Snyder and Deborah L. Duarte. |
| 250 ## - EDITION STATEMENT | |
| Edition statement | First edition. |
| 260 ## - PUBLICATION, DISTRIBUTION, ETC. | |
| Place of publication, distribution, etc. | San Francisco : |
| Name of publisher, distributor, etc. | Jossey-Bass, |
| Date of publication, distribution, etc. | ©2008. |
| 300 ## - PHYSICAL DESCRIPTION | |
| Extent | xxiv, 244 pages. : |
| Other physical details | illustrations. ; |
| Dimensions | 24 cm. |
| 336 ## - CONTENT TYPE | |
| Source | rdacontent |
| Content type term | text |
| Content type code | txt |
| 337 ## - MEDIA TYPE | |
| Source | rdamedia |
| Media type term | unmediated |
| Media type code | n |
| 338 ## - CARRIER TYPE | |
| Source | rdacarrier |
| Carrier type term | volume |
| Carrier type code | nc |
| 504 ## - BIBLIOGRAPHY, ETC. NOTE | |
| Bibliography, etc. note | Includes bibliographical references. |
| 650 #0 - SUBJECT ADDED ENTRY--TOPICAL TERM | |
| Topical term or geographic name entry element | Washing machine industry |
| Form subdivision | Washing machine industry |
| 650 #0 - SUBJECT ADDED ENTRY--TOPICAL TERM | |
| Topical term or geographic name entry element | Household appliances industry |
| 700 1# - ADDED ENTRY--PERSONAL NAME | |
| Personal name | Duarte, Deborah L. |
| Relator term | Author |
| 942 ## - ADDED ENTRY ELEMENTS (KOHA) | |
| Koha item type | Ordinary Loan Books |
| Call number prefix | HD |
| Call number suffix | TEN |
| Source of classification or shelving scheme | Library of Congress Classification |
| Edition | First edition. |
| Classification part | HD9971.5 |
| Suppress in OPAC | No |
| Koha issues (borrowed), all copies | 1 |
| Withdrawn status | Lost status | Source of classification or shelving scheme | Damaged status | Not for loan | Collection | Home library | Current library | Shelving location | Date acquired | Source of acquisition | Cost, normal purchase price | Total Checkouts | Full call number | Barcode | Date last seen | Date last checked out | Accession number | Cost, replacement price | Price effective from | Koha item type | Public note |
|---|---|---|---|---|---|---|---|---|---|---|---|---|---|---|---|---|---|---|---|---|---|
| LCC | NFIC | MAIN | MAIN | GEN | 01/23/2023 | Book aid international | 17.00 | 3 | HD9971.5 TEN | 92004022554 | 10/23/2024 | 10/09/2024 | 44110 | 17.00 | 01/23/2023 | BOOKS | Donation |